00526cam a22001577a 4500008004000000082002000040100001400060245008600074260002700160300001600187500001400203650003000217650004600247650005800293700001700351180718b1967 xxu||||| |||| 00| 0 eng d aT12301 X54 G237 aGaur,A.N. aCommentaries on the essential commodities act, 1955cBy A.N. Gaur and V.M. Shukla aLucknowbEasternc1967 aVol-I, 259p aRs. 15.00 aTrade regulation -- India aRationing -- Law and legislation -- India aIndustrial priorities -- Law and legislation -- India aShukla ,V.M.